00545nam a2200145Ia 4500008004100000082001500041100002200056245007700078260003500155630001800190650006200208942000900270952010500279999001500384211109s9999||||xx |||||||||||||| ||und|| a920bCAR-H aCarlyle, Thomas,  0aHeroes, Hero - Worhsip And The Heroic In History Ed By Mrs Annie Russell bUn KnownaMadhya Pradeshc1924 xGeneral Stack aBiography, genealogy & insigniaxBiography- Autobiography cBOOK 00104070aSBCLbSBCLc2d2021-11-09l0o920 CAR-Hp00003973r2021-11-09 00:00:00w2021-11-09yBOOK c3631d3631